000 01214cab a2200433 4500
001 ABS59431
008 090401t1998 xxu||||| |||| 00| 0 eng d
035 _a(Sirsi) u89138
041 _aeng
245 _aFocus `98; West Midlands
260 _c1998
350 _a0
490 _aEstates Gazette
_v(9839) 26 September 1998, 81-169(23)
650 _aBIRMINGHAM
650 _aBLACK COUNTRY
650 _aBUSINESS PARKS
650 _aCITY CENTRES
650 _aCOVENTRY
650 _aDISTRIBUTION CENTRES
650 _aDUDLEY
650 _aGROWTH
650 _aINDUSTRIAL MARKET
650 _aLEISURE MARKET
650 _aM42 CORRIDOR
650 _aPROPERTY-COMMERCIAL PROPERTY-OFFICE PROPERTY-OFFICE PROPERTY MARKET
650 _aOUT-OF-TOWN DEVELOPMENT
650 _aPROPERTY-COMMERCIAL PROPERTY-RETAIL PROPERTY-RETAIL PROPERTY MARKET
650 _aSOLIHULL
650 _aTOWN CENTRE MANAGEMENT
650 _aURBAN REGENERATION
650 _aWALSALL
650 _aWEDNESBURY
650 _aWEST BROMWICH
650 _aWEST MIDLANDS
650 _aWOLVERHAMPTON
690 _aPROPERTY-COMMERCIAL PROPERTY-COMMERCIAL PROPERTY MARKET
942 _n0
948 _c20/10/1998
999 _c56365
_d56365